Automated enumeration of groups of marine picoplankton after fluorescence in situ hybridization /
محفوظ في:
| المؤلف الرئيسي: | |
|---|---|
| مؤلفون آخرون: | , |
| التنسيق: | مقال |
| اللغة: | English |
| الموضوعات: | |
| الوسوم: |
إضافة وسم
لا توجد وسوم, كن أول من يضع وسما على هذه التسجيلة!
|
| Thư viện lưu trữ: | Thư viện Trường Đại học Đà Lạt |
|---|
| LEADER | 00908nam a2200289 4500 | ||
|---|---|---|---|
| 001 | DLU090092333 | ||
| 005 | ##20091201 | ||
| 040 | # | # | |a DLU |b eng |
| 041 | # | # | |a eng |
| 044 | # | # | |a us |
| 100 | # | # | |a Pernthaler, Jakob. |
| 245 | # | # | |a Automated enumeration of groups of marine picoplankton after fluorescence in situ hybridization / |c Jakob Pernthaler, Annelie Pernthaler, Rudolf Amann. |
| 653 | # | # | |a Ecology |
| 653 | # | # | |a Enumeration |
| 653 | # | # | |a Picoplankton |
| 700 | # | # | |a Amann, Rudolf. |
| 700 | # | # | |a Pernthaler, Annelie. |
| 773 | # | # | |t Applied and Environmental Microbiology |g Vol. 69, no. 5 (May 2003), p. 2631-2637 |
| 920 | # | # | |a Phòng Tạp chí -- Trung tâm Thông tin - Thư viện Trường Đại học Đà Lạt |
| 994 | # | # | |a DLU |
| 900 | # | # | |a True |
| 911 | # | # | |a Trương Bảo Trâm Anh |
| 925 | # | # | |a G |
| 926 | # | # | |a A |
| 927 | # | # | |a BB |
| 980 | # | # | |a Thư viện Trường Đại học Đà Lạt |